Catàleg de vols : 1993 1993
Publicado:
Barcelona :
Generalitat de Catalunya, Departament de Política Territorial i Obres Públiques : Institut Cartogràfic de Catalunya ,
1993
Descripción Física:
108 p.; 24 cm
Colección:
Col·lecció Institucional ; 3
MARC
| LEADER | 00000nam a2200000Ia 4500 | ||
|---|---|---|---|
| 001 | 10369 | ||
| 008 | 160829s1993 xx 000 0 cat d | ||
| 080 | |a B-1-297 | ||
| 245 | |a Catàleg de vols : |b 1993 | ||
| 250 | |a 3a ed. | ||
| 260 | |a Barcelona : |b Generalitat de Catalunya, Departament de Política Territorial i Obres Públiques : |b Institut Cartogràfic de Catalunya, |c 1993 | ||
| 300 | |a 108 p.; |c 24 cm | ||
| 490 | |a Col·lecció Institucional ; 3 | ||
| 650 | |a Fotografia aèria |x Catalunya |x Catàlegs |9 37631 | ||
| 710 | 2 | |a Institut Cartogràfic de Catalunya |9 53041 | |
| 710 | |a Catalunya. |b Departament de Política Territorial i Obres Públiques |9 53042 | ||
| 901 | |a Arxiu | ||
| 942 | |n 1 | ||
| 952 | |0 0 |1 0 |4 0 |6 B1297 |7 1 |9 47959 |a Arxiu |b Arxiu |d 2016-12-01 |l 0 |o B-1-297 |p 10369 |r 2016-12-01 00:00:00 |w 2016-12-01 |y ARXIU | ||
| 999 | |c 51760 |d 51760 | ||